000 00441nam a2200169Ia 4500
008 221030s9999 xx 000 0 und d
020 _a9814126918
041 _aEnglish
082 _a105.23
_bTur
100 _aE. Turban
245 0 _aIntroduction to Information technology
_cby E. Turban, R. K. Rainer
260 _bJohn Wiley & Sons
_aSingapore
_c2003
300 _a526
650 _aBE Computer
700 _aR. K. Rainer
942 _cBK
999 _c4542
_d4542